000 00777nam a22002537a 4500
003 DO-SdBNP
005 20250611111035.0
008 171024b 2005 00| 0 spa d
020 _a9780007235810
040 _aBPMSU
_bspa
_cBPMSU
082 4 _aB869.3
_bC672l 2005
_222
100 1 _aCoelho, Paulo
_d1947-
245 1 0 _a Like the flowing river :
_bdiario de un mago /
_cPaulo Coelho ; traducción Margaret Jull costa
260 _bHarper,
_aBarcelona, España :
_32005
300 _a245 p. ;
_c18 cm.
500 _a
590 _aInventariado, 2024/VM
650 4 _aEnsayos brasileños
_x
650 4 _aFilosofía de la vida
_xEnsayos
650 4 _aEspiritualidad
700 1 _aFrutos, Carlos Manzano de
_etr.
910 _aVMateo V. Control de calidad BPMSU
942 _2ddc
_cBK
999 _c14540
_d14540